000 00630nam a22002297a 4500
003 UA-OsUOA
001 47774
007 ta
008 20070820b un ||||| |||| 00| 0 ukr d
100 _aТищенко О.Р.
090 _a72(091)(477)
_bТ47
942 _cBK
040 _aUA-OsUOA
_bukr
_cUA-OsUOA
_dUA-OsUOA
245 _aІсторія декоративно-прикладного мистецтва України 13-18 ст.
300 _a192 с.
955 _a2
041 _aukr
080 _a72(091)(477)
260 _aК.
_bЛибідь
_c1992
650 7 _a72 Архітектура
_2UDC
999 _c333880
_d333880